Festették az ördögöt a falra kiállítás a Szepesség középkori falképeiről a Magyar Köztársaság Kulturális Intézetében

Bibliographic Details
Format: Article
Language:Hungarian
PhysicalDescription:Fotogr.
ISSN:1335-7050
Subjects:

MARC

LEADER 00000nab a2200000 ar4500
001 vtls010207738
003 SK-MaSNL
005 20260318124500.0
008 110131c20110128xo |||||||| 000 b|hun
015 |a SNBRB2011/01  |2 snkbucl 
038 |a SNKBUCL 
040 |a DSZK  |b slo  |c DSZK  |e AACR2 
041 0 |a hun 
044 |a xo  |c SK 
080 |a 75.052  |x (437.6)  |2 2001 
080 |a 008:061.237  |x (=511.141)  |x (437.6)  |2 2001 
080 |a 061.4  |2 2001 
080 |a 061.7  |2 2001 
245 0 0 |a Festették az ördögöt a falra  |b kiállítás a Szepesség középkori falképeiről a Magyar Köztársaság Kulturális Intézetében  |c [szerző] (kollai) 
300 |b Fotogr. 
600 1 7 |a Prokopp, Mária,  |d 1939-  |t Középkori falképek a Szepességben  |2 snkbucl  |9 1284718 
600 1 7 |a Méry, Gábor,  |d 1967-  |t Középkori falképek a Szepességben  |2 snkbucl  |9 1284719 
610 2 7 |a Kultúrny inštitút Maďarskej republiky (Bratislava, Slovensko)  |2 snkbucl  |9 34215 
648 7 |a 2011  |2 snkbucl  |9 328311 
650 0 7 |a prezentácia  |2 snkbucl  |9 428364 
650 0 7 |a fotografické výstavy  |2 snkbucl  |9 29441 
650 0 7 |a nástenné maľby  |2 SNKPH  |9 3149 
651 7 |a Bratislava (Slovensko)  |2 SNKPHgeo  |9 14568 
651 7 |a Spiš (Slovensko : región)  |2 SNKPHgeo  |9 17692 
773 0 |t Új szó  |g Évf. 64, sz. 22 (28.1.2011), o. 9  |x 1335-7050 
852 |a SNK  |b KIS3GCP 
852 |a DSZK  |b KIS3GCP 
958 |a HU 
958 |a SK 
999 |c 2552513  |d 2554443